000 00493nam a2200181Ia 4500
005 20250326143901.0
008 250326s9999 xx 000 0 und d
037 _aTextbook
040 _aFMSL
_beng
_cFMSL
041 _aeng
_2eng
084 _aB2893P M4
_qFMSL
100 _aGupta M P
245 0 _aOperation research for management
_cGupta M P
260 _aNew Delhi
_bNew Delhi, National
_c1984
300 _a540p
942 _cTB
_hB2893P M4
999 _c1301473
_d1301473